MARC details
| 000 -CABECERA |
| campo de control de longitud fija |
02693cam a2200313 i 4500 |
| 001 - NÚMERO DE CONTROL |
| campo de control |
991107279170706196 |
| 005 - FECHA Y HORA DE LA ÚLTIMA TRANSACCIÓN |
| campo de control |
20250509080530.0 |
| 008 - DATOS DE LONGITUD FIJA--INFORMACIÓN GENERAL |
| campo de control de longitud fija |
220329s2023 enk b 001 0 eng |
| 010 ## - NÚMERO DE CONTROL DE LA BIBLIOTECA DEL CONGRESO |
| Número de control de LC |
2022012251 |
| 020 ## - NÚMERO INTERNACIONAL ESTÁNDAR DEL LIBRO |
| Número Internacional Estándar del Libro |
9781009107976 |
| Información calificativa |
(paperback) |
| 035 ## - NÚMERO DE CONTROL DEL SISTEMA |
| Número de control de sistema |
(OCoLC)1315579489 |
| Número de control cancelado/no válido |
(OCoLC)1313943318 |
| -- |
(OCoLC)1334661062 |
| 035 ## - NÚMERO DE CONTROL DEL SISTEMA |
| Número de control de sistema |
(OCoLC)on1315579489 |
| 040 ## - FUENTE DE LA CATALOGACIÓN |
| Centro catalogador/agencia de origen |
DLC |
| Lengua de catalogación |
eng |
| Normas de descripción |
rda |
| Centro/agencia transcriptor |
DLC |
| Centro/agencia modificador |
OCLCF |
| -- |
IMD |
| -- |
JNE |
| -- |
YDX |
| -- |
BDX |
| -- |
UKMGB |
| -- |
TOH |
| -- |
YDX |
| -- |
ILM |
| 042 ## - CÃDIGO DE AUTENTICACIÃN |
| Código de autenticación |
pcc |
| 050 00 - SIGNATURA TOPOGRÁFICA DE LA BIBLIOTECA DEL CONGRESO |
| Número de clasificación |
BF692 |
| Número de documento/Ítem |
.G677 2023 |
| 100 ## - ENTRADA PRINCIPAL--NOMBRE DE PERSONA |
| Nombre de persona |
Grant, Jon E., |
| Término indicativo de función/relación |
author. |
| 9 (RLIN) |
25167 |
| 245 10 - MENCIÓN DE TÍTULO |
| Título |
Impulse |
| Resto del título |
: the science of sex and desire |
| Mención de responsabilidad, etc. |
/ Jon E. Grant, University of Chicago, Samuel R. Chamberlain, University of Cambridge. |
| 250 ## - MENCIÓN DE EDICIÓN |
| Mención de edición |
First edition. |
| 264 #1 - PRODUCCIÓN, PUBLICACIÓN, DISTRIBUCIÓN, FABRICACIÓN Y COPYRIGHT |
| Producción, publicación, distribución, fabricación y copyright |
Cambridge, United Kingdom ; |
| -- |
New York, NY : |
| Nombre del de productor, editor, distribuidor, fabricante |
Cambridge University Press, |
| Fecha de producción, publicación, distribución, fabricación o copyright |
2023. |
| 300 ## - DESCRIPCIÓN FÍSICA |
| Extensión |
vi, 250 pages ; |
| Dimensiones |
20 cm |
| 504 ## - NOTA DE BIBLIOGRAFÍA, ETC. |
| Nota de bibliografía, etc. |
Includes bibliographical references and index. |
| 505 0# - NOTA DE CONTENIDO CON FORMATO |
| Nota de contenido con formato |
Sex and desire — Development issues around sex — Healthy sex — Too little sex — Too much sex — Sex and physical health — Drinking, drugs, and sex — Relationship problems — Sex and digital technology — Diverse aspects of sex — Sex and pandemics. |
| 520 ## - SUMARIO, ETC. |
| Sumario, etc. |
"For most of us, sex is important. Some of our first close friendships are initiated when we discuss sex - adolescent boys and girls navigating puberty and sexual desires. We may spend countless hours fantasizing about and planning our first sexual experience. Dating for many becomes an important rite of passage. As adults, we look for partners who can provide a satisfying sexual experience. In fact, most people have their first sexual experience long before they fall in love or meet a long-term partner. Sex means different things to different people and within the same person, sex mean different things to us at different times in our lives and changes based on emotional development and life stages. Simply put, sex is complicated. Even in non-physical ways, sex seems to permeate our everyday lives. Movies and television series are more enticing if there is a sexual theme. Jokes and conversations are riddled with double entendres. Magazine covers, news, and advertisements sell themselves or products using half-naked people by alluding to fantasies of sex or in many cases graphically telling us about people's sex lives. Sex is obviously more than just a physical act. It also incorporates psychological, social, political, and even spiritual dimensions"-- |
| Fuente proveedora |
Provided by publisher |
| 650 #0 - PUNTO DE ACCESO ADICIONAL DE MATERIA--TÉRMINO DE MATERIA |
| Término de materia o nombre geográfico como elemento de entrada |
Sex (Psychology) |
| 9 (RLIN) |
25168 |
| 650 #0 - PUNTO DE ACCESO ADICIONAL DE MATERIA--TÉRMINO DE MATERIA |
| Término de materia o nombre geográfico como elemento de entrada |
Sexual attraction |
| Subdivisión general |
Social aspects. |
| 650 #0 - PUNTO DE ACCESO ADICIONAL DE MATERIA--TÉRMINO DE MATERIA |
| Término de materia o nombre geográfico como elemento de entrada |
Desire |
| 9 (RLIN) |
25169 |
| 700 ## - ENTRADA AGREGADA--NOMBRE PERSONAL |
| Nombre de persona |
Chamberlain, Samuel, |
| Término indicativo de función/relación |
author. |
| 9 (RLIN) |
25170 |
| 942 ## - ELEMENTOS DE ENTRADA AGREGADA (KOHA) |
| Fuente del sistema de clasificación o colocación |
Clasificación de Library of Congress |